名古屋市の駅 - Statistics

General Stats
  • This quiz has been taken 232 times
  • The average score is 94 of 153
Answers on the Map
Answers color-coded by a green-red scale on the quiz's map according to % correct below.
 
Answer Stats
Group 駅名 % Correct
名古屋市中村区 名古屋なごや
100%
名古屋市中区 | 名古屋市熱田区 金山かなやま
95%
名古屋市守山区 金屋かなや
93%
名古屋市熱田区 熱田あつた
91%
名古屋市千種区 | 名古屋市東区 千種ちくさ
89%
名古屋市北区 | 名古屋市東区 大曽根おおぞね
89%
名古屋市中区 さかえ
87%
名古屋市中区 鶴舞つるまい
84%
名古屋市港区 名古屋港なごやこう
84%
名古屋市熱田区 神宮前じんぐうまえ
83%
名古屋市港区 金城きんじょうとう
83%
名古屋市西区 上小田井かみおたい
79%
名古屋市中川区 八田はった
79%
名古屋市中区 名古屋城なごやじょう
78%
名古屋市中区 伏見ふしみ
78%
名古屋市昭和区 八事やごと
78%
名古屋市東区 ナゴヤドーム前矢田まえやだ
77%
名古屋市北区 上飯田かみいいだ
77%
名古屋市緑区 徳重とくしげ
77%
名古屋市北区 平安通へいあんどおり
76%
名古屋市名東区 ふじおか
76%
名古屋市南区 さくら
75%
名古屋市中村区 ささしまライブ
74%
名古屋市東区 栄町さかえまち
74%
名古屋市中村区 名鉄名古屋めいてつなごや
74%
名古屋市中区 上前津かみまえづ
74%
名古屋市中区 久屋大通ひさやおおどおり
73%
名古屋市昭和区 八事日赤やごとにっせき
73%
名古屋市瑞穂区 新瑞橋あらたまばし
73%
名古屋市中川区 尾頭橋おとうばし
73%
名古屋市千種区 名古屋大学なごやだいがく
72%
名古屋市千種区 本山もとやま
72%
名古屋市中村区 近鉄名古屋きんてつなごや
72%
名古屋市中村区 国際こくさいセンター
72%
名古屋市瑞穂区 瑞穂運動場東みずほうんどうじょうひがし
72%
名古屋市昭和区 いりなか
71%
名古屋市北区 名城公園めいじょうこうえん
71%
名古屋市中区 大須観音おおすかんのん
71%
名古屋市瑞穂区 瑞穂運動場西みずほうんどうじょうにし
71%
名古屋市千種区 東山公園ひがしやまこうえん
70%
名古屋市瑞穂区 堀田ほりた
70%
名古屋市中川区 高畑たかばた
70%
名古屋市守山区 守山もりやま
70%
名古屋市名東区 一社いっしゃ
70%
名古屋市名東区 上社かみやしろ
70%
名古屋市中区 まるうち
70%
名古屋市千種区 今池いまいけ
69%
名古屋市千種区 覚王山かくおうざん
69%
名古屋市千種区 星ヶ丘ほしがおか
69%
名古屋市緑区 大高おおだか
69%
名古屋市東区 新栄町しんさかえまち
68%
名古屋市熱田区 熱田神宮西あつたじんぐうにし
68%
名古屋市西区 栄生さこう
67%
名古屋市西区 庄内緑地公園しょうないりょくちこうえん
67%
名古屋市西区 比良ひら
67%
名古屋市中区 矢場町やばちょう
67%
名古屋市昭和区 御器所ごきそ
67%
名古屋市熱田区 熱田神宮伝馬町あつたじんぐうてんまちょう
67%
名古屋市中川区 山王さんのう
67%
名古屋市緑区 鳴海なるみ
67%
名古屋市緑区 南大高みなみおおだか
67%
名古屋市天白区 平針ひらばり
67%
名古屋市東区 砂田橋すなだばし
66%
名古屋市千種区 自由ヶ丘じゆうがおか
65%
名古屋市東区 車道くるまみち
65%
名古屋市北区 黒川くろかわ
65%
名古屋市中村区 太閤通たいこうどおり
65%
名古屋市中村区 中村公園なかむらこうえん
65%
名古屋市南区 笠寺かさでら
65%
名古屋市千種区 池下いけした
64%
名古屋市中村区 中村日赤なかむらにっせき
64%
名古屋市西区 中小田井なかおたい
63%
名古屋市中村区 亀島かめじま
62%
名古屋市守山区 新守山しんもりやま
62%
名古屋市天白区 はら
62%
名古屋市千種区 茶屋ヶ坂ちゃやがさか
61%
名古屋市南区 大江おおえ
61%
名古屋市西区 小田井おたい
60%
名古屋市西区 浄心じょうしん
60%
名古屋市西区 東枇杷島ひがしびわじま
60%
名古屋市中村区 本陣ほんじん
60%
名古屋市中区 東別院ひがしべついん
60%
名古屋市瑞穂区 総合そうごうリハビリセンター
60%
名古屋市南区 本笠寺もとかさでら
60%
名古屋市緑区 有松ありまつ
60%
名古屋市名東区 本郷ほんごう
60%
名古屋市港区 港区役所みなとくやくしょ
59%
名古屋市緑区 中京競馬場前ちゅうきょうけいばじょうまえ
59%
名古屋市守山区 守山自衛隊前もりやまじえいたいまえ
58%
名古屋市北区 志賀本通しがほんどおり
57%
名古屋市中村区 近鉄八田きんてつはった
57%
名古屋市瑞穂区 瑞穂区役所みずほくやくしょ
57%
名古屋市熱田区 西高蔵にしたかくら
57%
名古屋市港区 東名古屋港ひがしなごやこう
57%
名古屋市南区 桜本町さくらほんまち
57%
名古屋市天白区 野並のなみ
57%
名古屋市東区 高岳たかおか
56%
名古屋市瑞穂区 桜山さくらやま
56%
名古屋市瑞穂区 妙音通みょうおんどおり
56%
名古屋市天白区 塩釜口しおがまぐち
56%
名古屋市北区 味鋺あじま
55%
名古屋市西区 庄内通しょうないどおり
55%
名古屋市中村区 岩塚いわつか
55%
名古屋市中川区 荒子あらこ
55%
名古屋市南区 呼続よびつぎ
55%
名古屋市天白区 植田うえだ
55%
名古屋市昭和区 川名かわな
54%
名古屋市熱田区 日比野ひびの
54%
名古屋市熱田区 六番町ろくばんちょう
54%
名古屋市南区 本星崎もとほしざき
53%
名古屋市千種区 吹上ふきあげ
52%
名古屋市西区 浅間町せんげんちょう
52%
名古屋市昭和区 荒畑あらはた
52%
名古屋市港区 東海通とうかいどおり
52%
名古屋市守山区 小幡おばた
52%
名古屋市天白区 鳴子北なるこきた
52%
名古屋市中村区 黄金こがね
51%
名古屋市緑区 左京山さきょうやま
51%
名古屋市中区 東大手ひがしおおて
50%
名古屋市港区 築地口つきじぐち
50%
名古屋市南区 道徳どうとく
50%
名古屋市南区 豊田本町とよだほんまち
50%
名古屋市緑区 相生山あいおいやま
50%
名古屋市東区 矢田やだ
49%
名古屋市南区 大同町だいどうちょう
49%
名古屋市港区 荒子川公園あらこがわこうえん
48%
名古屋市緑区 神沢かみさわ
48%
名古屋市北区 清水しみず
47%
名古屋市港区 野跡のせき
46%
名古屋市東区 森下もりした
45%
名古屋市中村区 烏森かすもり
45%
名古屋市中村区 米野こめの
45%
名古屋市港区 稲永いなえい
45%
名古屋市南区 柴田しばた
45%
名古屋市中川区 南荒子みなみあらこ
43%
名古屋市中川区 春田はるた
42%
名古屋市港区 港北こうほく
42%
名古屋市北区 尼ヶ坂あまがさか
41%
名古屋市守山区 大森おおもり金城学院前きんじょうがくいんまえ
41%
名古屋市南区 鶴里つるさと
39%
名古屋市中川区 小本こもと
37%
名古屋市中川区 中島なかじま
37%
名古屋市守山区 小幡緑地おばたりょくち
36%
名古屋市守山区 瓢箪山ひょうたんやま
35%
名古屋市中川区 伏屋ふしや
32%
名古屋市守山区 喜多山きたやま
32%
名古屋市中川区 戸田とだ
30%
名古屋市守山区 白沢渓谷しらさわけいこく
18%
名古屋市守山区 川村かわむら
16%
名古屋市守山区 川宮かわみや
13%
No matching quizzes found
Score Distribution
Percent of People with Each Score
Percentile by Number Answered
Your Score History
You have not taken this quiz